<?xml version="1.0" encoding="UTF-8"?>
<record
    xmlns:xsi="http://www.w3.org/2001/XMLSchema-instance"
    xsi:schemaLocation="http://www.loc.gov/MARC21/slim http://www.loc.gov/standards/marcxml/schema/MARC21slim.xsd"
    xmlns="http://www.loc.gov/MARC21/slim">

  <leader>00967nam0a22003373i 4500</leader>
  <datafield tag="999" ind1=" " ind2=" ">
    <subfield code="c">116891</subfield>
    <subfield code="d">116891</subfield>
  </datafield>
  <controlfield tag="001">IT\ICCU\TO0\0571655</controlfield>
  <controlfield tag="003">http://id.sbn.it/bid/TO00571655</controlfield>
  <controlfield tag="005">20230411090817.0</controlfield>
  <controlfield tag="007">ta</controlfield>
  <controlfield tag="008">220901b1976    nju||||| |||| 00| 0 eng d</controlfield>
  <datafield tag="010" ind1=" " ind2=" ">
    <subfield code="a">0806506695</subfield>
  </datafield>
  <datafield tag="010" ind1=" " ind2=" ">
    <subfield code="a">0806507012</subfield>
    <subfield code="b">Quarta di copertina</subfield>
  </datafield>
  <datafield tag="020" ind1=" " ind2=" ">
    <subfield code="a">0806506695</subfield>
  </datafield>
  <datafield tag="040" ind1=" " ind2=" ">
    <subfield code="b">spa</subfield>
    <subfield code="c">BJBSDDR</subfield>
  </datafield>
  <datafield tag="041" ind1=" " ind2=" ">
    <subfield code="a">eng</subfield>
  </datafield>
  <datafield tag="050" ind1=" " ind2=" ">
    <subfield code="b">J76 1976</subfield>
  </datafield>
  <datafield tag="100" ind1="1" ind2=" ">
    <subfield code="a"> Jones, Ken D.,</subfield>
    <subfield code="9">24616</subfield>
    <subfield code="d">1930-2014</subfield>
  </datafield>
  <datafield tag="210" ind1=" " ind2=" ">
    <subfield code="a">Secaucus, New Jersey</subfield>
  </datafield>
  <datafield tag="245" ind1="1" ind2="0">
    <subfield code="a">Character people /</subfield>
    <subfield code="c">Ken D. Jones, Arthur F. McClure, Alfred E. Twomey</subfield>
  </datafield>
  <datafield tag="260" ind1=" " ind2=" ">
    <subfield code="a"> N.J.</subfield>
    <subfield code="b">Citadel Press, Secaucus</subfield>
    <subfield code="c">1976</subfield>
  </datafield>
  <datafield tag="300" ind1=" " ind2=" ">
    <subfield code="a">209 p.:</subfield>
    <subfield code="b">ill.;</subfield>
    <subfield code="c">29 cm</subfield>
  </datafield>
  <datafield tag="520" ind1=" " ind2=" ">
    <subfield code="a">Brief profiles of 211 popular character actors and actresses</subfield>
  </datafield>
  <datafield tag="700" ind1="1" ind2=" ">
    <subfield code="a">McClure, Arthur F.,</subfield>
    <subfield code="9">24617</subfield>
    <subfield code="d">1909-2000</subfield>
  </datafield>
  <datafield tag="700" ind1="1" ind2=" ">
    <subfield code="a"> Twomey, Alfred E.</subfield>
    <subfield code="9">24618</subfield>
  </datafield>
  <datafield tag="899" ind1=" " ind2=" ">
    <subfield code="f">P/G</subfield>
  </datafield>
  <datafield tag="899" ind1=" " ind2=" ">
    <subfield code="f">P/G</subfield>
  </datafield>
  <datafield tag="899" ind1=" " ind2=" ">
    <subfield code="f">P/G</subfield>
  </datafield>
  <datafield tag="899" ind1=" " ind2=" ">
    <subfield code="f">P/G</subfield>
  </datafield>
  <datafield tag="899" ind1=" " ind2=" ">
    <subfield code="f">P/G</subfield>
  </datafield>
  <datafield tag="942" ind1=" " ind2=" ">
    <subfield code="2">lcc</subfield>
    <subfield code="c">BK</subfield>
  </datafield>
  <datafield tag="952" ind1=" " ind2=" ">
    <subfield code="0">0</subfield>
    <subfield code="1">0</subfield>
    <subfield code="2">lcc</subfield>
    <subfield code="4">0</subfield>
    <subfield code="7">0</subfield>
    <subfield code="8">APT</subfield>
    <subfield code="a">BJB</subfield>
    <subfield code="b">BJB</subfield>
    <subfield code="c">APT</subfield>
    <subfield code="d">2022-09-01</subfield>
    <subfield code="l">0</subfield>
    <subfield code="o">J76 1976</subfield>
    <subfield code="p">00000160131</subfield>
    <subfield code="r">2022-09-01 00:00:00</subfield>
    <subfield code="t">1</subfield>
    <subfield code="w">2022-09-01</subfield>
    <subfield code="y">BK</subfield>
  </datafield>
</record>
